|
|
|
|
| LEADER |
08343nam a2200649 i 4500 |
| 001 |
44062 |
| 003 |
BD-DhAAL |
| 005 |
20250410144444.0 |
| 008 |
250205t2016 ii a b 001 0 eng d |
| 010 |
|
|
|a 2014957045
|
| 020 |
|
|
|a 9789355734860
|
| 020 |
|
|
|a 9355734867
|
| 020 |
|
|
|a 9781285866314
|
| 020 |
|
|
|a 1285866312
|
| 040 |
|
|
|a DLC
|b eng
|c DLC
|e rda
|d DLC
|d BD-DhAAL
|
| 042 |
|
|
|a pcc
|
| 050 |
0 |
0 |
|a T56
|b .A63 2016
|
| 082 |
0 |
4 |
|a 658.5
|2 23
|
| 245 |
1 |
0 |
|a Quantitative methods for business /
|c David R. Anderson ... [et al.].
|
| 250 |
|
|
|a Thirteenth edition.
|
| 260 |
|
|
|a New Delhi ;
|a Australia ;
|a Boston, MA :
|b Cengage Learning,
|c c2016
|g (2023 printing)
|
| 300 |
|
|
|a xxii, 914 pages :
|b illustrations ;
|c 26 cm
|
| 504 |
|
|
|a Includes bibliographical references (pages [844]-845) and index.
|
| 526 |
|
|
|a BBS
|x Mozammel Mia
Associate Professor
BRAC Business School
Course name and no. : Quantitative Methods for Business and Economics (BUS 209)
|
| 541 |
|
|
|a Book Finder International
|e 44062, 44063, 44064, 44065, 44066, 44067, 44068, 44069, 44070, 44071, 44072, 44073, 44264, 44265, 44266, 44267, 44268, 44269, 44270, 44271
|
| 650 |
|
0 |
|a Management science
|v Textbooks.
|9 57652
|
| 650 |
|
0 |
|a Business.
|
| 700 |
1 |
|
|a Anderson, David R.
|q (David Ray),
|d 1941-
|e author.
|9 57653
|
| 700 |
1 |
|
|a Sweeney, Dennis J.,
|e author.
|9 57654
|
| 700 |
1 |
|
|a Williams, Thomas A.
|q (Thomas Arthur),
|d 1944-
|e author.
|9 57655
|
| 700 |
1 |
|
|a Camm, Jeffrey D.,
|d 1958-
|e author.
|9 57656
|
| 700 |
1 |
|
|a Cochran, James J.,
|e author.
|9 57657
|
| 700 |
1 |
|
|a Fry, Michael J.,
|e author.
|9 57658
|
| 700 |
1 |
|
|a Ohlmann, Jeffrey W.,
|e author.
|9 57659
|
| 852 |
|
|
|a Ayesha Abed Library
|c General Stacks
|
| 942 |
|
|
|2 ddc
|c BK
|
| 999 |
|
|
|c 47233
|d 47233
|
| 952 |
|
|
|0 0
|1 0
|2 ddc
|4 0
|6 658_500000000000000_QUA
|7 0
|9 77260
|a BRACUL
|b BRACUL
|c CIR
|d 2025-01-30
|e Book Finder International
|g 1628.00
|l 7
|o 658.5 QUA
|p 3010044063
|r 2025-02-12
|s 2025-02-12
|t 2
|v 1628.00
|w 2025-01-30
|y 1HOUR
|x Requisitioned by Mozammel Mia for the course named- "Quantitative Methods for Business and Economics (BUS 209)".
|
| 952 |
|
|
|0 0
|1 0
|2 ddc
|4 0
|6 658_500000000000000_QUA
|7 0
|9 77261
|a BRACUL
|b BRACUL
|c GEN
|d 2025-01-30
|e Book Finder International
|g 1628.00
|l 3
|m 48
|o 658.5 QUA
|p 3010044064
|q 2026-06-02
|r 2026-02-03
|s 2026-02-03
|t 3
|v 1628.00
|w 2025-01-30
|y BK
|x Requisitioned by Mozammel Mia for the course named- "Quantitative Methods for Business and Economics (BUS 209)".
|
| 952 |
|
|
|0 0
|1 0
|2 ddc
|4 0
|6 658_500000000000000_QUA
|7 0
|9 77262
|a BRACUL
|b BRACUL
|c GEN
|d 2025-01-30
|e Book Finder International
|g 1628.00
|l 2
|m 15
|o 658.5 QUA
|p 3010044067
|q 2025-12-07
|r 2025-07-20
|s 2025-07-20
|t 6
|v 1628.00
|w 2025-01-30
|y BK
|x Requisitioned by Mozammel Mia for the course named- "Quantitative Methods for Business and Economics (BUS 209)".
|
| 952 |
|
|
|0 0
|1 0
|2 ddc
|4 0
|6 658_500000000000000_QUA
|7 0
|9 77263
|a BRACUL
|b BRACUL
|c GEN
|d 2025-01-30
|e Book Finder International
|g 1628.00
|l 5
|m 12
|o 658.5 QUA
|p 3010044068
|q 2025-12-29
|r 2025-09-14
|s 2025-09-14
|t 7
|v 1628.00
|w 2025-01-30
|y BK
|x Requisitioned by Mozammel Mia for the course named- "Quantitative Methods for Business and Economics (BUS 209)".
|
| 952 |
|
|
|0 0
|1 0
|2 ddc
|4 0
|6 658_500000000000000_QUA
|7 0
|9 77264
|a BRACUL
|b BRACUL
|c GEN
|d 2025-01-30
|e Book Finder International
|g 1628.00
|l 4
|m 25
|o 658.5 QUA
|p 3010044073
|r 2026-05-21
|s 2026-02-01
|t 12
|v 1628.00
|w 2025-01-30
|y BK
|x Requisitioned by Mozammel Mia for the course named- "Quantitative Methods for Business and Economics (BUS 209)".
|
| 952 |
|
|
|0 0
|1 0
|2 ddc
|4 0
|6 658_500000000000000_QUA
|7 0
|9 77265
|a BRACUL
|b BRACUL
|c GEN
|d 2025-01-30
|e Book Finder International
|g 1628.00
|l 6
|m 36
|o 658.5 QUA
|p 3010044070
|r 2026-05-19
|s 2026-02-22
|t 9
|v 1628.00
|w 2025-01-30
|y BK
|x Requisitioned by Mozammel Mia for the course named- "Quantitative Methods for Business and Economics (BUS 209)".
|
| 952 |
|
|
|0 0
|1 0
|2 ddc
|4 0
|6 658_500000000000000_QUA
|7 0
|9 77266
|a BRACUL
|b BRACUL
|c GEN
|d 2025-01-30
|e Book Finder International
|g 1628.00
|l 5
|m 49
|o 658.5 QUA
|p 3010044066
|r 2026-04-12
|s 2026-02-26
|t 5
|v 1628.00
|w 2025-01-30
|y BK
|x Requisitioned by Mozammel Mia for the course named- "Quantitative Methods for Business and Economics (BUS 209)".
|
| 952 |
|
|
|0 0
|1 0
|2 ddc
|4 0
|6 658_500000000000000_QUA
|7 0
|9 77267
|a BRACUL
|b BRACUL
|c CIR
|d 2025-01-30
|e Book Finder International
|g 1628.00
|l 0
|o 658.5 QUA
|p 3010044062
|r 2025-01-30
|t 1
|v 1628.00
|w 2025-01-30
|y 1HOUR
|x Requisitioned by Mozammel Mia for the course named- "Quantitative Methods for Business and Economics (BUS 209)".
|
| 952 |
|
|
|0 0
|1 0
|2 ddc
|4 0
|6 658_500000000000000_QUA
|7 0
|9 77268
|a BRACUL
|b BRACUL
|c GEN
|d 2025-01-30
|e Book Finder International
|g 1628.00
|l 5
|m 27
|o 658.5 QUA
|p 3010044071
|r 2026-05-20
|s 2026-04-13
|t 10
|v 1628.00
|w 2025-01-30
|y BK
|x Requisitioned by Mozammel Mia for the course named- "Quantitative Methods for Business and Economics (BUS 209)".
|
| 952 |
|
|
|0 0
|1 0
|2 ddc
|4 0
|6 658_500000000000000_QUA
|7 0
|9 77269
|a BRACUL
|b BRACUL
|c GEN
|d 2025-01-30
|e Book Finder International
|g 1628.00
|l 4
|m 46
|o 658.5 QUA
|p 3010044069
|r 2026-05-20
|s 2026-02-03
|t 8
|v 1628.00
|w 2025-01-30
|y BK
|x Requisitioned by Mozammel Mia for the course named- "Quantitative Methods for Business and Economics (BUS 209)".
|
| 952 |
|
|
|0 0
|1 0
|2 ddc
|4 0
|6 658_500000000000000_QUA
|7 0
|9 77270
|a BRACUL
|b BRACUL
|c GEN
|d 2025-01-30
|e Book Finder International
|g 1628.00
|l 7
|m 18
|o 658.5 QUA
|p 3010044072
|r 2026-05-20
|s 2026-05-06
|t 11
|v 1628.00
|w 2025-01-30
|y BK
|x Requisitioned by Mozammel Mia for the course named- "Quantitative Methods for Business and Economics (BUS 209)".
|
| 952 |
|
|
|0 0
|1 0
|2 ddc
|4 0
|6 658_500000000000000_QUA
|7 0
|9 77271
|a BRACUL
|b BRACUL
|c GEN
|d 2025-01-30
|e Book Finder International
|g 1628.00
|l 6
|m 43
|o 658.5 QUA
|p 3010044065
|r 2026-05-20
|s 2026-05-19
|t 4
|v 1628.00
|w 2025-01-30
|y BK
|x Requisitioned by Mozammel Mia for the course named- "Quantitative Methods for Business and Economics (BUS 209)".
|
| 952 |
|
|
|0 0
|1 0
|2 ddc
|4 0
|6 658_500000000000000_QUA
|7 0
|9 77516
|a BRACUL
|b BRACUL
|c GEN
|d 2025-03-20
|e Book Finder International
|g 1628.00
|l 2
|m 22
|o 658.5 QUA
|p 3010044268
|q 2026-05-19
|r 2026-02-17
|s 2026-02-17
|t 17
|v 1628.00
|w 2025-03-20
|y BK
|x Requisitioned by Mozammel Mia for the course named- "Quantitative Methods for Business and Economics (BUS 209)".
|
| 952 |
|
|
|0 0
|1 0
|2 ddc
|4 0
|6 658_500000000000000_QUA
|7 0
|9 77517
|a BRACUL
|b BRACUL
|c GEN
|d 2025-03-20
|e Book Finder International
|g 1628.00
|l 3
|m 39
|o 658.5 QUA
|p 3010044267
|q 2026-06-02
|r 2026-02-22
|s 2026-02-22
|t 16
|v 1628.00
|w 2025-03-20
|y BK
|x Requisitioned by Mozammel Mia for the course named- "Quantitative Methods for Business and Economics (BUS 209)".
|
| 952 |
|
|
|0 0
|1 0
|2 ddc
|4 0
|6 658_500000000000000_QUA
|7 0
|9 77518
|a BRACUL
|b BRACUL
|c GEN
|d 2025-03-20
|e Book Finder International
|g 1628.00
|l 4
|m 8
|o 658.5 QUA
|p 3010044265
|r 2026-05-20
|s 2026-04-24
|t 14
|v 1628.00
|w 2025-03-20
|y BK
|x Requisitioned by Mozammel Mia for the course named- "Quantitative Methods for Business and Economics (BUS 209)".
|
| 952 |
|
|
|0 0
|1 0
|2 ddc
|4 0
|6 658_500000000000000_QUA
|7 0
|9 77519
|a BRACUL
|b BRACUL
|c GEN
|d 2025-03-20
|e Book Finder International
|g 1628.00
|l 3
|m 36
|o 658.5 QUA
|p 3010044271
|r 2026-05-19
|s 2026-02-25
|t 20
|v 1628.00
|w 2025-03-20
|y BK
|x Requisitioned by Mozammel Mia for the course named- "Quantitative Methods for Business and Economics (BUS 209)".
|
| 952 |
|
|
|0 0
|1 0
|2 ddc
|4 0
|6 658_500000000000000_QUA
|7 0
|9 77520
|a BRACUL
|b BRACUL
|c GEN
|d 2025-03-20
|e Book Finder International
|g 1628.00
|l 7
|m 20
|o 658.5 QUA
|p 3010044269
|r 2026-05-19
|s 2026-02-25
|t 18
|v 1628.00
|w 2025-03-20
|y BK
|x Requisitioned by Mozammel Mia for the course named- "Quantitative Methods for Business and Economics (BUS 209)"
|
| 952 |
|
|
|0 0
|1 0
|2 ddc
|4 0
|6 658_500000000000000_QUA
|7 0
|9 77521
|a BRACUL
|b BRACUL
|c GEN
|d 2025-03-20
|e Book Finder International
|g 1628.00
|l 4
|m 9
|o 658.5 QUA
|p 3010044270
|r 2026-05-20
|s 2026-04-27
|t 19
|v 1628.00
|w 2025-03-20
|y BK
|x Requisitioned by Mozammel Mia for the course named- "Quantitative Methods for Business and Economics (BUS 209)".
|
| 952 |
|
|
|0 0
|1 0
|2 ddc
|4 0
|6 658_500000000000000_QUA
|7 0
|9 77522
|a BRACUL
|b BRACUL
|c GEN
|d 2025-03-20
|e Book Finder International
|g 1628.00
|l 2
|m 15
|o 658.5 QUA
|p 3010044266
|r 2026-05-20
|s 2026-04-27
|t 15
|v 1628.00
|w 2025-03-20
|y BK
|x Requisitioned by Mozammel Mia for the course named- "Quantitative Methods for Business and Economics (BUS 209)".
|
| 952 |
|
|
|0 0
|1 0
|2 ddc
|4 0
|6 658_500000000000000_QUA
|7 0
|9 77523
|a BRACUL
|b BRACUL
|c GEN
|d 2025-03-20
|e Book Finder International
|g 1628.00
|l 4
|m 26
|o 658.5 QUA
|p 3010044264
|r 2026-05-19
|s 2026-02-23
|t 13
|v 1628.00
|w 2025-03-20
|y BK
|x Requisitioned by Mozammel Mia for the course named- "Quantitative Methods for Business and Economics (BUS 209)".
|